| 000 | 00732nam a2200229Ia 4500 | ||
|---|---|---|---|
| 999 |
_c65359 _d65359 |
||
| 003 | GCL | ||
| 005 | 20240530110820.0 | ||
| 008 | 140319s2005 ua a f 000 0 ara d | ||
| 016 |
_22004/15762 _aمصر . دار الكتب |
||
| 020 | _a977345794x | ||
| 040 |
_aGCL / _cGCL |
||
| 082 | 0 | 4 |
_a746.94 _bل س |
| 100 | 1 | _aلوك ، هيثر | |
| 245 | 1 | 2 |
_aالستائر : _bفن وابداع وصناعة / _cتأليف هيثر لوك |
| 250 | _aط.1 | ||
| 260 |
_aالقاهرة : _bدار الفاروق ، _c2005 . |
||
| 300 |
_a127 ص. : _bايض. ؛ _c30 سم. |
||
| 490 |
_aسلسلة الاقتصاد المنزلى _v0 |
||
| 650 | 0 | 4 | _aالاقتصاد المنزلى |
| 650 | 0 | 4 | _aالستائر |
| 942 |
_2ddc _cBK |
||